| 000 | 00524 a2200181 4500 | ||
|---|---|---|---|
| 999 |
_c28830 _d28830 |
||
| 003 | NUST | ||
| 005 | 20180117150424.0 | ||
| 008 | 180117b xxu||||| |||| 00| 0 eng d | ||
| 020 | _a9780201503975 | ||
| 020 | _a9780201503975 | ||
| 040 | _cNUST | ||
| 082 | 0 | 4 | _a530.143 |
| 100 | 1 |
_aPeskin, Michael E. _98561 |
|
| 245 | 1 | 3 |
_aAn introduction to quantum field theory / _cMichael E. Peskin, Dan V. Schroeder. |
| 260 |
_a[S.l.] : _bWestview Press, _c1995. |
||
| 300 |
_a864 p. ; _c25 cm. |
||
| 490 | 1 | _aFrontiers in physics. | |
| 700 | 1 |
_aSchroeder, Dan V. _98562 |
|
| 830 | 0 |
_aFrontiers in physics. _98563 |
|
| 942 |
_aSNS _cBK _k530.143 PES _2ddc |
||